000
00311nam a2200133Ia 4500
008
230917s9999||||xx |||||||||||||| ||und||
040
_e
118585
_a
MAIN
041
_a
English
082
_a
574.1929 B52B
245
0
_a
Biosynthesis
260
_a
London
_b
Chapman & Hall
_c
1992
300
_a
226p. p.
942
_c
BK
999
_c
108524
_d
108524